000
00285pam a2200133 a 4500
020
_c
041
_h
082
_b
KAC
100
_a
KACHOLE, D. D./SALUNKHE,
245
_a
"GUNHA-SAMAJASHASTRA
260
_b
KAILASH PUBLICATION. AURANGABAD
_c
2001
300
_a
365
930
_a
16671
999
_c
119270
_d
119270